Phương pháp giải bài tập lôgic học

Giới thiệu đối tượng và ý nghĩa của lôgíc học. Trình bày về khái niệm, phán đoán, các qui luật cơ bản của logic hình thức, suy luận, suy diễn, quy nạp, tương tự, chứng minh và bác bỏ

Spremljeno u:
Bibliografski detalji
Glavni autor: Vương Tất Đạt
Daljnji autori: Nguyễn Thị Vân H
Format: Knjiga
Jezik:Vietnamese
Izdano: H. Giáo dục 2011
Teme:
Oznake: Dodaj oznaku
Bez oznaka, Budi prvi tko označuje ovaj zapis!
Thư viện lưu trữ: Mạng thư viện Đại học Đà Nẵng
LEADER 01415aam a22003498a 4500
001 000019793
003 16234
005 20141027151031.0
008 141027s2011 viesd
020 |c 35000đ  |d 1000b 
041 0 |a vie 
082 1 4 |2 14  |a 160.076  |b VƯ-Đ 
100 1 |a Vương Tất Đạt 
245 1 0 |a Phương pháp giải bài tập lôgic học  |c Vương Tất Đạt, Nguyễn Thị Vân Hà 
260 |a H.  |b Giáo dục  |c 2011 
300 |a 214 tr.  |b hình vẽ, bảng  |c 24 cm. 
520 |a Giới thiệu đối tượng và ý nghĩa của lôgíc học. Trình bày về khái niệm, phán đoán, các qui luật cơ bản của logic hình thức, suy luận, suy diễn, quy nạp, tương tự, chứng minh và bác bỏ 
650 0 4 |2 Bộ TK TVQG  |a Logic học  |x Giải bài tập 
650 7 |2 Bộ TK TVQG 
653 |a Logic học 
655 7 |2 Bộ TK TVQG  |a Giáo trình 
700 1 |a Nguyễn Thị Vân Hà 
OWN |a LSP 
AVA |a UDN50  |b LSP  |d 160.076 VƯ-Đ  |e available  |t Error 5001 Not defined in file expand_doc_bib_avail.  |f 10  |g 0  |h N  |i 8  |k 1 
999 |a From the UDN01 
AVA |a UDN50  |b LSP  |d 160.076 VƯ-Đ  |e available  |t Error 5001 Not defined in file expand_doc_bib_avail.  |f 10  |g 0  |h N  |i 8  |k 1 
TYP |a Monograph 
TYP |a Printed language 
980 |a Mạng thư viện Đại học Đà Nẵng